000 00368nam a2200133Ia 4500
005 20260328104252.0
008 260328s9999||||xx |||||||||||||| ||und||
100 _aElliott+Elliott
245 0 _aHouse of Maine :
_b Elliot + Elliot Architecture /
_cElliott+Elliott
260 _bPrinceton Architectural Press
300 _a176 p.
650 _aARQUITECTOS
942 _cBK
999 _c10302
_d10302